Loading...
History - American History | 0 | 7 | 0 | 0 | 70 | 39 | 72.43 | 3 | 5 |
History - World History | 0 | 6 | 0 | 0 | 60 | 40 | 59.33 | 4 | 6 |
History - Other History | 0 | 5 | 0 | 1 | 50 | 28 | 65.20 | 2 | 4 |
Religion | 0 | 4 | 1 | 0 | 35 | 59 | 74.00 | 3 | 4 |
Geography/Current Events | 0 | 4 | 1 | 0 | 35 | 41 | 62.50 | 1 | 3 |
History - European History | 0 | 4 | 1 | 2 | 35 | 52 | 85.25 | 1 | 3 |
Fine Arts - Visual Fine Arts | 0 | 2 | 0 | 0 | 20 | 106 | 116.50 | 0 | 0 |
Mythology | 0 | 2 | 0 | 0 | 20 | 65 | 72.00 | 0 | 1 |
Literature - European Literature | 0 | 1 | 0 | 0 | 10 | 90 | 90.00 | 0 | 1 |
Philosophy | 0 | 2 | 2 | 0 | 10 | 80 | 87.00 | 1 | 1 |
Fine Arts - Classical Music | 0 | 1 | 0 | 0 | 10 | 116 | 116.00 | 0 | 0 |
Fine Arts - Other Fine Arts | 0 | 1 | 1 | 0 | 5 | 146 | 146.00 | 0 | 0 |
Literature - American Literature | 0 | 0 | 0 | 0 | 0 | 0.00 | 0 | 0 |